Score 0/24 Timer 03:00
2 Plays Today
Hint Answer % Correct
____ KingBurger
98.1%
Dunkin' ____Donuts
97.2%
Jack ____ the BoxIn
96.1%
____ BellTaco
94.7%
Long ____ Silver'sJohn
94.5%
Dairy ____Queen
93.5%
In-N-____ BurgerOut
93.4%
____ KremeKrispy
91.8%
Baskin-____Robbins
88.6%
____ CastleWhite
86.6%
____ GuysFive
84.7%
Chipotle ____ GrillMexican
79.5%
Hint Answer % Correct
Panda ____Express
79.3%
Hot Dog on a ____Stick
77.8%
El Pollo ____Loco
73.1%
Church's ____Chicken
71.4%
Juice it ____!Up
70%
Tim ____Hortons
64.7%
____ Bon PainAu
61.1%
____'s FamousNathan
31.8%
____ SpoonGolden
27%
The ____ PitPita
25.3%
____ FrüzYogen
10.5%
Maoz ____Vegetarian
5.6%

Today's Daily Dose

You're not logged in!

Compare scores with friends on all Sporcle quizzes.
OR
Log In

Sporcle TV

Today on Sporcle TV


Watch our educational content, quiz creation guides, and fun videos on Sporcle TV.

Show Comments

Extras

Top Quizzes Today


Score Distribution

Your Account Isn't Verified!

In order to create a playlist on Sporcle, you need to verify the email address you used during registration. Go to your Sporcle Settings to finish the process.

Report this User

Report this user for behavior that violates our Community Guidelines.

Details: